000
00218 a2200109 4500
020
_a
9781496720214
041
_a
eng
100
_a
Elliott, Lauren
245
_a
Murder in the first edition
942
_c
BK
952
_7
1
999
_c
23384
_d
23384